000 00731nmm a2200265 a 4500
003 AR-BaBNM
005 20251128211759.0
008 106020s2004 ||||||||||||||000 | spa||
020 _a84-9745-038-8
040 _cAR-BaBNM
100 1 _aSeijas Díaz, Amparo
245 1 0 _aEvaluación de la eficiencia en la educación secundaria
250 _a1ª ed.
260 _aCoruña
_bNetbiblo
_c2004
300 0 _a238 p.
504 _aContiene referencias bibliográficas
650 4 _aECONOMIA DE LA EDUCACION
650 4 _aMETODOS DE EVALUACION
653 0 _aEVALUACION EDUCATIVA
653 0 _aEDUCACION SECUNDARIA
653 0 _aEFICIENCIA
653 0 _aINSTITUCIONES EDUCATIVAS
942 _cBK
998 _cme-solo cat
999 _c21076
_d21076